[Event "Damen Bundesliga 2011/12"]
[Site "Jenbach"]
[Date "2012.04.22"]
[Round "7"]
[Board "1"]
[White "Mira, Helene"]
[Black "Novkovic, Julia"]
[Result "1/2-1/2"]
[WhiteElo "2083"]
[BlackElo "2085"]
[PlyCount "114"]
[EventDate "2012.03.01"]
[EventType "team"]
[EventRounds "7"]
[EventCountry "AUT"]
[WhiteTeam "Freundinnen Tirol"]
[BlackTeam "ASVOE Pamhagen"]

1. Nf3 Nf6 2. c4 g6 3. Nc3 Bg7 4. e4 d6 5. d4 O-O 6. Be2 e5 7. d5 a5 8. Bg5 h6
9. Bh4 Na6 10. Nd2 Qe8 11. O-O Nh7 12. Kh1 h5 13. f3 Bh6 14. a3 Bd7 15. Nb5 Be3
16. Rb1 Kg7 17. Bf2 Bxf2 18. Rxf2 Qe7 19. Rf1 h4 20. Qc2 g5 21. b4 axb4 22.
axb4 Nf6 23. Rfc1 b6 24. Nf1 Nh5 25. Ne3 Kg6 26. Kg1 Nf4 27. Bf1 Rh8 28. Qd2
Nh5 29. Ra1 Rhb8 30. Ra2 Qd8 31. Rca1 Qc8 32. Qb2 Qb7 33. Nc3 Re8 34. Kh1 Nf4
35. c5 Nxc5 36. bxc5 Rxa2 37. Rxa2 dxc5 38. Bb5 Bxb5 39. Nxb5 Ra8 40. Qa1 Rxa2
41. Qxa2 c6 42. dxc6 Qxc6 43. Qb1 Qd7 44. Nd5 h3 45. g3 Ne6 46. Nbc3 Qa7 47.
Qxb6 Qxb6 48. Nxb6 Nd4 49. Nd7 Nxf3 50. Nxc5 g4 51. Nd3 Kg5 52. Nd5 f5 53. Nf2
f4 54. Nc3 Nd2 55. Na4 fxg3 56. hxg3 Nf1 57. Nc5 Nxg3+ 1/2-1/2

[Event "Damen Bundesliga 2011/12"]
[Site "Jenbach"]
[Date "2012.04.22"]
[Round "7"]
[Board "2"]
[White "Horvath, Maria"]
[Black "Schnegg, Anna-Lena"]
[Result "0-1"]
[WhiteElo "2019"]
[BlackElo "2017"]
[PlyCount "56"]
[EventDate "2012.03.01"]
[EventType "team"]
[EventRounds "7"]
[EventCountry "AUT"]
[WhiteTeam "ASVOE Pamhagen"]
[BlackTeam "Freundinnen Tirol"]

1. d4 d5 2. c4 e6 3. Nc3 Be7 4. Nf3 Nf6 5. Bg5 h6 6. Bxf6 Bxf6 7. cxd5 exd5 8.
Qc2 O-O 9. e3 Re8 10. Bd3 c5 11. dxc5 d4 12. O-O-O dxc3 13. Bh7+ Kh8 14. Rxd8
cxb2+ 15. Kb1 Rxd8 16. Be4 Nc6 17. Rd1 Be6 18. Rxd8+ Rxd8 19. Bxc6 bxc6 20. e4
Bc4 21. Ne1 g5 22. h3 h5 23. g3 g4 24. hxg4 hxg4 25. a3 Kg7 26. e5 Bxe5 27. Qa4
Be2 28. f4 Bf6 0-1

[Event "Damen Bundesliga 2011/12"]
[Site "Jenbach"]
[Date "2012.04.22"]
[Round "7"]
[Board "1"]
[White "Horvath, Reka"]
[Black "Kessler, Michaela"]
[Result "0-1"]
[WhiteElo "2052"]
[BlackElo "2000"]
[PlyCount "76"]
[EventDate "2012.03.01"]
[EventType "team"]
[EventRounds "7"]
[EventCountry "AUT"]
[WhiteTeam "SpG. Feldbach"]
[BlackTeam "Vorarlberg"]

1. Nf3 Nf6 2. g3 g6 3. Bg2 Bg7 4. O-O O-O 5. c4 d6 6. Nc3 Nbd7 7. Qc2 e5 8. d3
h6 9. Rb1 Nh5 10. b4 f5 11. a4 a5 12. Ba3 axb4 13. Bxb4 Nc5 14. Nd2 Ne6 15. Nb3
c6 16. Ba3 g5 17. Rfd1 g4 18. Bb2 f4 19. Ba1 f3 20. Bh1 fxe2 21. Qxe2 Nef4 22.
gxf4 Nxf4 23. Qe3 Nh3+ 24. Kf1 Rxf2+ 25. Qxf2 Nxf2 26. Kxf2 Qh4+ 27. Kg1 g3 28.
Rb2 Bg4 29. Rf1 Bh3 30. Bg2 gxh2+ 31. Kh1 Rf8 32. Rxf8+ Kxf8 33. Bxh3 Qxh3 34.
Rg2 Kf7 35. Nc1 e4 36. dxe4 Bxc3 37. Bxc3 Qxc3 38. Ne2 Qe1+ 0-1

[Event "Damen Bundesliga 2011/12"]
[Site "Jenbach"]
[Date "2012.04.22"]
[Round "7"]
[Board "2"]
[White "Froewis, Annika"]
[Black "Stallinger, Vanessa"]
[Result "1-0"]
[WhiteElo "1978"]
[BlackElo "1453"]
[PlyCount "53"]
[EventDate "2012.03.01"]
[EventType "team"]
[EventRounds "7"]
[EventCountry "AUT"]
[WhiteTeam "Vorarlberg"]
[BlackTeam "SpG. Feldbach"]

1. Nf3 Nf6 2. g3 g6 3. Bg2 Bg7 4. O-O O-O 5. c4 d6 6. d4 c5 7. Nc3 cxd4 8. Nxd4
Nbd7 9. b3 Nc5 10. Bb2 Rb8 11. e3 Ne6 12. Nce2 Qd7 13. Qd2 Ne8 14. Rad1 N8c7
15. f4 Nxd4 16. Bxd4 b6 17. Bxg7 Kxg7 18. e4 f6 19. Qc3 Bb7 20. b4 Qe6 21. Nd4
Qc8 22. Rfe1 Ne6 23. Bh3 f5 24. Nxe6+ Kf7 25. Qg7+ Ke8 26. Qxf8+ Kd7 27. Qxc8+
1-0

[Event "Damen Bundesliga 2011/12"]
[Site "Jenbach"]
[Date "2012.04.22"]
[Round "7"]
[Board "1"]
[White "Klinkan, Elisabeth"]
[Black "Bauer, Valentina"]
[Result "1/2-1/2"]
[WhiteElo "1982"]
[BlackElo "1790"]
[PlyCount "85"]
[EventDate "2012.03.01"]
[EventType "team"]
[EventRounds "7"]
[EventCountry "AUT"]
[WhiteTeam "SV Schachamazonen Graz"]
[BlackTeam "Tschaturanga Wien"]

1. d4 e6 2. Nf3 d5 3. e3 Nf6 4. c4 Be7 5. Qc2 c6 6. Nbd2 Nbd7 7. b3 b6 8. Be2
Bb7 9. Bb2 O-O 10. O-O c5 11. Rad1 Rc8 12. Qb1 Qc7 13. Rc1 Qb8 14. Bd3 h6 15.
Rfe1 Rfd8 16. h3 Bd6 17. cxd5 Nxd5 18. Nc4 Nb4 19. Bh7+ Kh8 20. Nxd6 Qxd6 21.
Nh2 Qc6 22. f3 Nf6 23. a3 Nxh7 24. axb4 Qb5 25. dxc5 bxc5 26. Qa1 f6 27. bxc5
Rxc5 28. Rxc5 Qxc5 29. Nf1 e5 30. Rc1 Qb6 31. Qa4 Bd5 32. b4 a6 33. Ba3 Ng5 34.
Qc2 Ne6 35. Kh1 Bb7 36. Qg6 Qd6 37. Qf7 Qd7 38. Qxd7 Rxd7 39. Rc3 Rd1 40. Kg1
Kg8 41. Kf2 Kf7 42. Ke2 Rd5 43. Nd2 1/2-1/2

[Event "Damen Bundesliga 2011/12"]
[Site "Jenbach"]
[Date "2012.04.22"]
[Round "7"]
[Board "2"]
[White "Tarmastin, Laura"]
[Black "Landl, Margot"]
[Result "0-1"]
[WhiteElo "1769"]
[BlackElo "1782"]
[PlyCount "95"]
[EventDate "2012.03.01"]
[EventType "team"]
[EventRounds "7"]
[EventCountry "AUT"]
[WhiteTeam "Tschaturanga Wien"]
[BlackTeam "SV Schachamazonen Graz"]

1. e4 c6 2. d4 d5 3. Nc3 dxe4 4. Nxe4 Bf5 5. Ng3 Bg6 6. Nf3 Nd7 7. h4 h6 8. h5
Bh7 9. Bd3 Bxd3 10. Qxd3 e6 11. Bd2 Ngf6 12. O-O-O Be7 13. Rde1 O-O 14. Ne5 c5
15. Nxd7 Qxd7 16. Rh4 Rfd8 17. c3 Qa4 18. Kb1 cxd4 19. Rxd4 Rxd4 20. Qxd4 Qxd4
21. cxd4 Rd8 22. Be3 a6 23. Rc1 Bd6 24. Ne2 Nxh5 25. Rc4 Nf6 26. f3 Nd5 27. Bd2
Rd7 28. Kc2 Nb6 29. Rc3 Bb4 30. Rb3 Bxd2 31. Kxd2 Nd5 32. Ng3 Kf8 33. a3 Ke7
34. Ne4 b6 35. Ke1 Rc7 36. Ke2 f5 37. Ng3 g6 38. Nf1 Rc1 39. Ne3 Nf4+ 40. Kd2
Kd6 41. g3 Nd5 42. Ng2 b5 43. Ne1 Rc7 44. Nc2 h5 45. Ne3 g5 46. Ke2 f4 47. Kf2
fxg3+ 48. Kxg3 0-1